[Event "ESP-ch U14 rapid"]
[Site "Salobrena"]
[Date "2023.07.23"]
[Round "9"]
[White "Buzica Patrin, Teo Adrian"]
[Black "Sala Esquiva, Miguel"]
[Result "0-1"]
[WhiteElo "1540"]
[BlackElo "1321"]
[PlyCount "68"]
[EventDate "2023.07.22"]
[EventType "swiss (rapid)"]
[EventRounds "9"]
[EventCountry "ESP"]
[SourceTitle "EXT 2024"]
[Source "ChessBase"]
[SourceDate "2023.10.10"]
[SourceVersion "1"]
[SourceVersionDate "2023.10.10"]
[SourceQuality "1"]

1. e4 c6 2. d4 d5 3. exd5 cxd5 4. c4 Nf6 5. Nc3 Nc6 6. Nf3 Bg4 7. Be3 e6 8. c5 Be7 9. Be2 0-0 10. 0-0 Qc7 11. Nb5 Qd7 12. Nc3 a6 13. a3 Rad8 14. Bf4 Nh5 15. Ne5 Nxe5 16. Bxe5 Bxe2 17. Qxe2 Nf6 18. Rfc1 Qc6 19. b4 Nd7 20. Bf4 Bf6 21. Rd1 Rfe8 22. Be5 Bxe5 23. dxe5 Qc7 24. f4 b6 25. Qxa6 bxc5 26. Nb5 Qb8 27. Nd6 Rf8 28. Nb7 Rc8 29. Rac1 cxb4 30. axb4 Qa8 31. Qb5 Qa7+ 32. Nc5 Nxc5 33. bxc5 Rb8 34. Qc4 dxc4 0-1

[Event "ESP-ch U14"]
[Site "Salobrena"]
[Date "2023.07.21"]
[Round "8"]
[White "Munoz Osete, Marcos"]
[Black "Sala Esquiva, Miguel"]
[Result "1/2-1/2"]
[WhiteElo "1862"]
[BlackElo "1636"]
[PlyCount "92"]
[EventDate "2023.07.17"]
[EventType "swiss"]
[EventRounds "9"]
[EventCountry "ESP"]
[SourceTitle "EXT 2024"]
[Source "ChessBase"]
[SourceDate "2023.10.10"]
[SourceVersion "1"]
[SourceVersionDate "2023.10.10"]
[SourceQuality "1"]

1. d4 Nf6 2. c4 g6 3. Nc3 Bg7 4. e4 0-0 5. h3 d6 6. Bg5 Nbd7 7. Bd3 a5 8. Qd2 e5 9. d5 Nc5 10. Bc2 Qd7 11. Nge2 b6 12. g4 Ba6 13. b3 b5 14. cxb5 Bxb5 15. Nxb5 Nfxe4 16. Bxe4 Nxe4 17. Qe3 Nxg5 18. a4 f6 19. Rc1 Rfc8 20. Qc3 Ne4 21. Qc6 Qf7 22. Qc4 Nc5 23. 0-0 Bh6 24. Rcd1 f5 25. f3 Qe7 26. Rde1 fxg4 27. fxg4 Be3+ 28. Kg2 Qh4 29. Nbc3 Rf8 30. Ng3 Rxf1 31. Rxf1 Bf4 32. Nce2 Bxg3 33. Nxg3 Rb8 34. Rf3 Rb4 35. Qc2 Qg5 36. Qf2 Rf4 37. Qd2 Qf6 38. Re3 Qf7 39. Re2 Nxb3 40. Qd3 Nc5 41. Qd2 Rxa4 42. Qg5 Qxd5+ 43. Kh2 Qf7 44. Nf5 Kf8 45. Qd8+ Qe8 46. Qf6+ Qf7 1/2-1/2